• 首页
  • 本馆介绍
  • 公告通知
  • 最新文献
  • 馆藏检索
  • 电子资源
  • 读者导购
  • 参考咨询
  • 我的图书馆
  • 登录
  • 详细信息显示
  • 放入我的书架
  • 预约/预借图书
  • 作者相关作品
  • 分类相关作品
  • 丛书相关作品
  • 出版社相关作品

书目信息

  • 表格格式
  • 工作单格式
  • 卡片格式
题名:
概率论
    
 
作者: ;复旦大学 编
分册: 第二册   数理统计
出版信息: 北京   人民教育出版社  1979
页数: 145页
开本: 19cm
丛书名:
单 册:
中图分类: O211.1
科图分类:
主题词: 数理统计 , 概率论--高等学校 , 数理统计--高等学校 , 概率论
电子资源:
ISBN:
000 00708nam0 2200265 45
001 0179001668
005 20070705173859.26
010    @dCNY0.36
091    @a13012.0352
100    @a19950725d1979 em y0chiy0121 ea
101 0  @achi
102    @aCN@b110000
105    @ay z 000yy
200 10 @a概率论@Agai lv lun@h第二册@i数理统计@h第一分册@f复旦大学编@Ffu dan da xue bian
210    @a北京@c人民教育出版社@d1979
215    @a145页@d19cm
300    @a高等学校试用教材
606 0  @a数理统计
606    @a概率论@x高等学校
606    @a数理统计@x高等学校
606 0  @a概率论
690    @aO211.1
711 02 @a复旦大学@Afu dan da xue@4编
801  0 @aCN@bNLC@c20070705
905    @dO211.1@e11:2(1)
    
    概率论.第二册.数理统计.第一分册/复旦大学编.-北京:人民教育出版社,1979
    145页;19cm
    高等学校试用教材
    
    ISBN :CNY0.36
    
●
相关链接 在E读中查询图书 在五车中查询图书 在当当中查询图书 在豆瓣中查询图书


正题名:概率论     索取号:O211.1/11:2(1)         预约/预借

序号 登录号 条形码 馆藏地/架位号 状态 备注
1 0033923   202169839   密集书库/ [索取号:O211.1/11:2(1)] 在馆    
2 0033924   202169651   密集书库/ [索取号:O211.1/11:2(1)] 在馆    
3 0033925   000404306   第三借阅区/ [索取号:O211.1/11:2(1)] 在馆    
4 0033926   202169740   密集书库/ [索取号:O211.1/11:2(1)] 在馆    
5 0033927   202249860   密集书库/ [索取号:O211.1/11:2(1)] 在馆    
6 0044494   202331725   密集书库/ [索取号:O211.1/11:2(1)] 在馆    
7 0044496   000404191   第三借阅区/ [索取号:O211.1/11:2(1)] 在馆    
8 0044497   000404379   第三借阅区/ [索取号:O211.1/11:2(1)] 在馆    
9 0044498   000404299   第三借阅区/ [索取号:O211.1/11:2(1)] 在馆    
10 0044499   000404208   第二样本阅览室/ [索取号:O211.1/11:2(1)] 在馆    
11 0044500   000404280   第三借阅区/ [索取号:O211.1/11:2(1)] 在馆    
12 0044501   000404244   第三借阅区/ [索取号:O211.1/11:2(1)] 在馆    
13 0044502   202169697   密集书库/ [索取号:O211.1/11:2(1)] 在馆    
14 0044503   202325484   密集书库/ [索取号:O211.1/11:2(1)] 在馆    
15 0110307   202341466   密集书库/ [索取号:O211.1/11:2(1)] 在馆    
16 0110308   202253131   密集书库/ [索取号:O211.1/11:2(1)] 在馆    
17 0110309   202169474   密集书库/ [索取号:O211.1/11:2(1)] 在馆    
18 0421702   204217025   密集书库/ [索取号:O211.1/11:2(1)] 在馆    
19 0421988   204219880   密集书库/ [索取号:O211.1/11:2(1)] 在馆    
20 0421989   204219899   密集书库/ [索取号:O211.1/11:2(1)] 在馆    
21 0421990   204219906   密集书库/ [索取号:O211.1/11:2(1)] 在馆    
22 0421991   204219915   密集书库/ [索取号:O211.1/11:2(1)] 在馆    
23 0430026   204300265   密集书库/ [索取号:O211.1/11:2(1)] 在馆    
24 0430027   204300274   密集书库/ [索取号:O211.1/11:2(1)] 在馆    
25 0430028   204300283   密集书库/ [索取号:O211.1/11:2(1)] 在馆    
26 0430029   204300292   密集书库/ [索取号:O211.1/11:2(1)] 在馆    
27 0430030   204300309   密集书库/ [索取号:O211.1/11:2(1)] 在馆    
28 0430031   204300318   密集书库/ [索取号:O211.1/11:2(1)] 在馆    
29 0430032   204300327   密集书库/ [索取号:O211.1/11:2(1)] 在馆    
30 0430033   204300336   密集书库/ [索取号:O211.1/11:2(1)] 在馆    
31 0431442   204314429   密集书库/ [索取号:O211.1/11:2(1)] 在馆    
32 0431628   204316285   密集书库/ [索取号:O211.1/11:2(1)] 在馆    
33 0431629   204316294   密集书库/ [索取号:O211.1/11:2(1)] 在馆    
34 0764990   207649909   密集书库/ [索取号:O211.1/11:2(1)] 在馆    
35 0765041   207650415   密集书库/ [索取号:O211.1/11:2(1)] 在馆    
36 0765582   207655820   密集书库/ [索取号:O211.1/11:2(1)] 在馆    
37 0766827   207668273   密集书库/ [索取号:O211.1/11:2(1)] 在馆    
唐山师范学院图书馆 欢迎您!
大连网信软件有限公司© 版权所有